[Event "Kleve op"]
[Site "Kleve"]
[Date "2002.05.11"]
[Round "5"]
[White "Bock, Juergen"]
[Black "Lin, Lin Oo"]
[Result "1-0"]
[WhiteElo "2223"]
[BlackElo "1780"]
[PlyCount "79"]
[EventDate "2002.05.09"]
[EventType "swiss"]
[EventRounds "7"]
[EventCountry "GER"]
[SourceTitle "EXT 2008"]
[Source "ChessBase"]
[SourceDate "2007.11.25"]
[SourceVersion "1"]
[SourceVersionDate "2007.11.25"]
[SourceQuality "1"]

1. Nf3 f5 2. g3 Nf6 3. Bg2 g6 4. b3 Bg7 5. Bb2 0-0 6. 0-0 d6 7. d4 c6 8. Nbd2 Qe8 9. Re1 Nh5 10. e4 f4 11. e5 d5 12. e6 fxg3 13. hxg3 Rf6 14. Bh3 Na6 15. Re2 Nc7 16. Qe1 Bf8 17. c4 Ng7 18. cxd5 cxd5 19. Ng5 h6 20. Rc1 Na6 21. Ngf3 Rb8 22. a3 b5 23. Nh2 h5 24. Nhf3 Rb6 25. Ng5 Nf5 26. Re5 Bh6 27. Ndf3 Bb7 28. Rc2 Nd6 29. Bc1 Qf8 30. Bg2 Rf5 31. Nf7 Bxc1 32. Rxc1 Rxe5 33. N3xe5 Qg7 34. Nd7 Qxd4 35. Nxb6 Qxb6 36. Qe5 Nxf7 37. exf7+ Kxf7 38. Bxd5+ e6 39. Bxb7 Qxb7 40. Qd6 1-0